Geology of the Nanaimo map-area, (Record no. 25615)

MARC details
000 -LEADER
fixed length control field 00929cam a22002531 4500
001 - CONTROL NUMBER
control field gs 15000994
003 - CONTROL NUMBER IDENTIFIER
control field DLC
005 - DATE AND TIME OF LATEST TRANSACTION
control field 20260227111319.0
008 - FIXED-LENGTH DATA ELEMENTS--GENERAL INFORMATION
fixed length control field 761008s1914 oncabf b 000 0 eng c
010 ## - LIBRARY OF CONGRESS CONTROL NUMBER
LC control number gs 15000994
035 ## - SYSTEM CONTROL NUMBER
System control number (OCoLC)2490661
040 ## - CATALOGING SOURCE
Original cataloging agency U.S. Geol. Library
Transcribing agency OGraD
Modifying agency OCoLC
-- MCM
-- DLC
042 ## - AUTHENTICATION CODE
Authentication code premarc
050 00 - LIBRARY OF CONGRESS CALL NUMBER
Classification number QE185
Item number .A2 no. 51
100 1# - MAIN ENTRY--PERSONAL NAME
Personal name Clapp, C. H.
Fuller form of name (Charles Horace),
Dates associated with a name 1883-1935.
245 00 - TITLE STATEMENT
Title Geology of the Nanaimo map-area,
Statement of responsibility, etc. by Charles H. Clapp.
260 ## - PUBLICATION, DISTRIBUTION, ETC.
Place of publication, distribution, etc. Ottawa,
Name of publisher, distributor, etc. Government Printing Bureau,
Date of publication, distribution, etc. 1914.
300 ## - PHYSICAL DESCRIPTION
Extent vii, 135 p.
Other physical details illus., XIII pl. (incl. front.) 4 maps (in pocket) diagrs.
Dimensions 25 cm.
490 1# - SERIES STATEMENT
Series statement Canada. Geological Survey. Memoir 51. Geological series ;
Volume/sequential designation no. 43
500 ## - GENERAL NOTE
General note At head of title: Canada. Department of Mines.
504 ## - BIBLIOGRAPHY, ETC. NOTE
Bibliography, etc. note Bibliography: p. 7-9.
650 #0 - SUBJECT ADDED ENTRY--TOPICAL TERM
Topical term or geographic name entry element Geology
Geographic subdivision British Columbia.
830 #0 - SERIES ADDED ENTRY--UNIFORM TITLE
Uniform title Memoir (Geological Survey of Canada) ;
Volume/sequential designation 51.

No items available.

Powered by Koha